| 000 | 00621cam a2200181 4500500 | ||
|---|---|---|---|
| 005 | 20260405004002.0 | ||
| 041 | _afre | ||
| 042 | _adc | ||
| 100 | 1 | 0 |
_aMoreau, Anne-Sophie _eauthor |
| 245 | 0 | 0 | _aFaire du neuf avec du mieux ? 3 pistes pour rompre avec la routine sans être obnubilé par le changement |
| 260 | _c2026. | ||
| 500 | _a89 | ||
| 690 | _achangement | ||
| 690 | _aQuotidien | ||
| 690 | _aRecommencer | ||
| 786 | 0 | _nPhilosophie magazine | 196 | 1 | 2026-01-01 | p. 65-73 | 1951-1787 | |
| 856 | 4 | 1 | _uhttps://shs.cairn.info/magazine-philosophie-magazine-2026-1-page-65?lang=fr&redirect-ssocas=7080 |
| 999 |
_c2072660 _d2072660 |
||